Bayonne (Record no. 157521)

MARC details
000 -LEADER
campo de control de longitud fija 00899nam a2200229 i 4500
001 - NÚMERO DE CONTROL
campo de control 157521
003 - IDENTIFICADOR DE NÚMERO DE CONTROL
campo de control ES-MaACL
005 - FECHA Y HORA DE LA ÚLTIMA TRANSACCIÓN
campo de control 20230906210722.0
008 - DATOS DE LONGITUD FIJA--INFORMACIÓN GENERAL
campo de control de longitud fija 040811q18801910fr b |||| | fre d
040 ## - FUENTE DE CATALOGACIÓN
Centro catalogador/agencia de origen CAM
Lengua de catalogación spa
Centro/agencia transcriptor CAM
100 1# - ENTRADA PRINCIPAL--NOMBRE DE PERSONA
Nombre de persona Léon, Henry.
9 (RLIN) 129183
245 10 - MENCIÓN DEL TÍTULO
Título Bayonne
Resto del título : bains, climat, environs /
Mención de responsabilidad, etc. par Henry Léon.
260 ## - PUBLICACIÓN, DISTRIBUCIÓN, ETC.
Lugar de publicación, distribución, etc. Bordeaux :
Nombre del editor, distribuidor, etc. Imprimeri Nouvelle A. Bellier éditeur,
Fecha de publicación, distribución, etc. [s.a.]
300 ## - DESCRIPCIÓN FÍSICA
Extensión 70, [1] p., [1] h. pleg. de mapa ;
Dimensiones 13 cm.
490 1# - MENCIÓN DE SERIE
Mención de serie Le touriste
596 ## - NOTA AL PIE DE IMPRENTA
NOTA AL PIE DE IMPRENTA Probablemente impreso a finales del siglo XIX o comienzos del XX.
596 ## - NOTA AL PIE DE IMPRENTA
NOTA AL PIE DE IMPRENTA En pie de imp. de la cub. original consta: Bayonne : Syndicat Régional.
651 #4 - PUNTO DE ACCESO ADICIONAL DE MATERIA--NOMBRE GEOGRÁFICO
Nombre geográfico Bayona (Francia)-
Subdivisión general Descripción.
9 (RLIN) 159926
830 0# - PUNTO DE ACCESO ADICIONAL DE SERIE-TÍTULO UNIFORME
Título uniforme Le touriste
9 (RLIN) 221797
852 ## - LOCALIZACIÓN
Ubicación ES-MaACL
Número de control de estantería T-643-F-1
Nota libre - Enc. hol. conservando la cub. original
-- - Enc. en un vol. facticio, de 19 cm
Holdings
Estatus retirado Estado de pérdida Estado de daño No para préstamo Colección Biblioteca de origen Biblioteca actual Ubicación en estantería Fecha de adquisición Total de préstamos Signatura topográfica completa Código de barras Visto por última vez Precio de reemplazo Tipo de ítem Koha
        Colección de folletos Biblioteca del Ateneo de Madrid Biblioteca del Ateneo de Madrid Depósito folletos 17/01/2008   T-643-F-1 1164840 23/02/2023 23/02/2023 Folleto